| 000 | 00748nam a2200253 i 4500 | ||
|---|---|---|---|
| 001 | bg | ||
| 100 | 1 | _aDUBNICKI, Walerian | |
| 245 | 1 | 0 |
_aAnaliza matematyczna : _bpodręcznik dla ekonomistów / _cWalerian Dubnicki, Jacek Kłopotowski, Tomasz Szapiro. |
| 250 | _aWyd. 2 popr. | ||
| 260 |
_aWarszawa : _bWydaw. Naukowe PWN, _c1999. |
||
| 300 |
_a373, [1] s. : _brys., wykr. ; _c24 cm. |
||
| 504 | _aBibliogr. s. 368-369. | ||
| 650 | 9 | _aAnaliza matematyczna | |
| 655 | _aPodręczniki akademickie | ||
| 700 | 1 | _aKŁOPOTOWSKI, Jacek | |
| 700 | 1 | _aSZAPIRO, Tomasz | |
| 020 | _a8301128615 | ||
| 040 | _cBPK | ||
| 041 | 0 | _apl | |
| 080 | _a517(075.8) | ||
| 920 | _a83-01-12861-5 | ||
| 942 | _cKS | ||
| 008 | s pl f |000 0 pol | ||
| 999 |
_c36671 _d36671 |
||
| 856 |
_uhttp://koha.tu.koszalin.pl/cgi-bin/koha/opac-detail.pl?biblionumber=36671 _yKatalog online BPK |
||